000 00472cam a22001457a 4500
008 180718b1965 xxu||||| |||| 00| 0 eng d
082 _aT000 In7/17
245 _aPractical problems of investment: planning and financing
_cby Institute of National Planning
260 _aCairo
_bInstitute of National Planning
_c1965
300 _a20p.
440 _aMemo, no.560
500 _aBound with T000/In7/15-23
650 _aInvestments
700 _aInstitute of National Planning
999 _c480057
_d480057